Shreve's Chemical process industries / (Record no. 17285)
[ view plain ]
| 000 -LEADER | |
|---|---|
| fixed length control field | 00785pam a2200241 a 4500 |
| 001 - CONTROL NUMBER | |
| control field | 1878258 |
| 005 - DATE AND TIME OF LATEST TRANSACTION | |
| control field | 20130212150620.0 |
| 008 - FIXED-LENGTH DATA ELEMENTS--GENERAL INFORMATION | |
| fixed length control field | 830624s1984 nyua b 001 0 eng |
| 020 ## - INTERNATIONAL STANDARD BOOK NUMBER | |
| International Standard Book Number | 0070571473 |
| 082 00 - DEWEY DECIMAL CLASSIFICATION NUMBER | |
| Classification number | 660.2 |
| Edition number | 22 |
| Item number | SHR |
| 100 1# - MAIN ENTRY--PERSONAL NAME | |
| Personal name | Shreve, Randolph Norris, |
| Dates associated with a name | 1885-1975. |
| 9 (RLIN) | 32574 |
| 240 10 - UNIFORM TITLE | |
| Uniform title | <a href="Chemical Process Industries">Chemical Process Industries</a> |
| 245 10 - TITLE STATEMENT | |
| Title | Shreve's Chemical process industries / |
| Statement of responsibility, etc | Randolph Norris Shreve. |
| 250 ## - EDITION STATEMENT | |
| Edition statement | 5th ed. / |
| Remainder of edition statement | George T. Austin. |
| 260 ## - PUBLICATION, DISTRIBUTION, ETC. (IMPRINT) | |
| Place of publication, distribution, etc | New York : |
| Name of publisher, distributor, etc | McGraw-Hill, |
| Date of publication, distribution, etc | c1984. |
| 300 ## - PHYSICAL DESCRIPTION | |
| Extent | xiii, 859 p. : |
| Other physical details | ill. ; |
| Dimensions | 25 cm. |
| 504 ## - BIBLIOGRAPHY, ETC. NOTE | |
| Bibliography, etc | Includes bibliographies and index. |
| 650 #0 - SUBJECT ADDED ENTRY--TOPICAL TERM | |
| Topical term or geographic name as entry element | Chemistry, Technical. |
| 9 (RLIN) | 32575 |
| 650 #0 - SUBJECT ADDED ENTRY--TOPICAL TERM | |
| Topical term or geographic name as entry element | Chemical industry. |
| 9 (RLIN) | 32576 |
| 653 ## - INDEX TERM--UNCONTROLLED | |
| Resource For college | |
| Arrived date list | February2013 |
| 700 1# - ADDED ENTRY--PERSONAL NAME | |
| Personal name | Austin, George T., |
| Dates associated with a name | 1914- |
| 9 (RLIN) | 32577 |
| 942 ## - ADDED ENTRY ELEMENTS (KOHA) | |
| Source of classification or shelving scheme | Dewey Decimal Classification |
| Item type | Book - Borrowing |
| Withdrawn status | Item status | Source of classification or shelving scheme | Damaged status | Not for loan | Vendor | Home library | Current library | Shelving location | Date acquired | Source of acquisition | Total Checkouts | Full call number | Barcode | Date last seen | Koha item type | Total Renewals | Date last borrowed |
|---|---|---|---|---|---|---|---|---|---|---|---|---|---|---|---|---|---|
| Dewey Decimal Classification | Baccah | Central Library | Central Library | First floor | 12/02/2013 | 660.2 SHR | 000028184 | 15/07/2025 | NB - Book (Non borrowing) | ||||||||
| Dewey Decimal Classification | Baccah | Central Library | Central Library | First floor | 12/02/2013 | 3 | 660.2 SHR | 000028185 | 15/07/2025 | Book - Borrowing | 27 | 27/02/2018 | |||||
| Dewey Decimal Classification | Baccah | Central Library | Central Library | First floor | 12/02/2013 | 1 | 660.2 SHR | 000028186 | 15/07/2025 | Book - Borrowing | 2 | 07/12/2013 |